[Event "Kharkov Femida"]
[Site "Kharkov"]
[Date "2003.10.17"]
[Round "11"]
[White "Gagloshvili, Raissa"]
[Black "Doluhanova, Evgeniya"]
[Result "1/2-1/2"]
[WhiteElo "2218"]
[BlackElo "2175"]
[PlyCount "48"]
[EventDate "2003.10.06"]
[EventType "tourn"]
[EventRounds "11"]
[EventCountry "UKR"]
[SourceTitle "CBM 096 Extra"]
[Source "ChessBase"]
[SourceDate "2003.10.22"]
[SourceVersion "2"]
[SourceVersionDate "2003.10.20"]
[SourceQuality "1"]

1. d4 d5 2. Nf3 Nf6 3. g3 g6 4. Bg2 Bg7 5. 0-0 0-0 6. c4 c6 7. b3 Be6 8. Nbd2 h6 9. h3 Ne4 10. Bb2 Nxd2 11. Nxd2 c5 12. e3 Nc6 13. cxd5 Bxd5 14. Nf3 cxd4 15. Nxd4 Bxg2 16. Kxg2 Qb6 17. Qe2 Nxd4 18. Bxd4 Qc6+ 19. Qf3 Qxf3+ 20. Kxf3 e5 21. Bc5 Rfc8 22. Rac1 Rc6 23. e4 Rac8 24. Be3 a6 1/2-1/2

[Event "Kharkov Femida"]
[Site "Kharkov"]
[Date "2003.10.16"]
[Round "10"]
[White "Romanova, Inna"]
[Black "Gagloshvili, Raissa"]
[Result "0-1"]
[WhiteElo "2256"]
[BlackElo "2218"]
[PlyCount "92"]
[EventDate "2003.10.06"]
[EventType "tourn"]
[EventRounds "11"]
[EventCountry "UKR"]
[SourceTitle "CBM 096 Extra"]
[Source "ChessBase"]
[SourceDate "2003.10.22"]
[SourceVersion "2"]
[SourceVersionDate "2003.10.20"]
[SourceQuality "1"]

1. d4 d5 2. c4 c6 3. Nc3 Nf6 4. Nf3 dxc4 5. a4 Bf5 6. e3 e6 7. Bxc4 Bb4 8. 0-0 Nbd7 9. Bd3 Bxd3 10. Qxd3 0-0 11. Rd1 Qe7 12. e4 e5 13. Bg5 exd4 14. Qxd4 Bxc3 15. bxc3 h6 16. Bxf6 Nxf6 17. e5 Nd5 18. c4 Nb4 19. Qd7 Rfe8 20. a5 Na6 21. h3 Qxd7 22. Rxd7 Nc5 23. Rd6 a6 24. Rb1 Re7 25. g4 Kf8 26. Kg2 Ke8 27. h4 Rd8 28. Rxd8+ Kxd8 29. h5 Kc7 30. Kg3 Nd3 31. Rb3 Nxe5 32. Re3 f6 33. c5 Kd7 34. Nd2 Kd8 35. Kf4 Nd7 36. Ra3 Re5 37. Ne4 Kc7 38. Rd3 Nf8 39. f3 Ne6+ 40. Ke3 f5 41. gxf5 Rxf5 42. Nd6 Re5+ 43. Kf2 Nxc5 44. f4 Rd5 45. Ne8+ Kd7 46. Re3 Ne6 0-1

[Event "Kharkov Femida"]
[Site "Kharkov"]
[Date "2003.10.09"]
[Round "4"]
[White "Zdebskaja, Natalia"]
[Black "Gagloshvili, Raissa"]
[Result "1-0"]
[WhiteElo "2331"]
[BlackElo "2218"]
[PlyCount "65"]
[EventDate "2003.10.06"]
[EventType "tourn"]
[EventRounds "11"]
[EventCountry "UKR"]
[SourceTitle "CBM 096 Extra"]
[Source "ChessBase"]
[SourceDate "2003.10.22"]
[SourceVersion "2"]
[SourceVersionDate "2003.10.20"]
[SourceQuality "1"]

1. e4 e5 2. Nf3 Nf6 3. d4 Nxe4 4. Bd3 d5 5. Nxe5 Nd7 6. Nxd7 Bxd7 7. 0-0 Qh4 8. g3 Qh3 9. f3 Nf6 10. Re1+ Be6 11. Re5 g5 12. Bf5 Qh6 13. Bxe6 fxe6 14. Bxg5 Qg6 15. Rxe6+ Kd7 16. Bxf6 Rg8 17. Qe2 Bd6 18. Nc3 Bxg3 19. Re7+ Kc8 20. Qe6+ Kb8 21. Qg4 Bd6 22. Rg7 Rxg7 23. Bxg7 Qxc2 24. Qg2 Qf5 25. Be5 a6 26. Bxd6 cxd6 27. Re1 Ka7 28. Re7 Qf4 29. Ne2 Qd2 30. Ng3 Qc1+ 31. Qf1 Rc8 32. b3 Qc3 33. Rxh7 1-0

[Event "Kaluga op"]
[Site "Kaluga"]
[Date "2003.??.??"]
[Round "?"]
[White "Vilkov, Vladimir"]
[Black "Gagloshvili, Raissa"]
[Result "1-0"]
[WhiteElo "2339"]
[BlackElo "2224"]
[PlyCount "54"]
[EventDate "2003.??.??"]
[EventType "swiss"]
[EventRounds "9"]
[EventCountry "RUS"]
[SourceTitle "EXT 2005"]
[Source "ChessBase"]
[SourceDate "2004.11.15"]
[SourceVersion "1"]
[SourceVersionDate "2004.11.15"]
[SourceQuality "1"]

1. d4 d5 2. c4 c6 3. Nf3 Nf6 4. Nc3 g6 5. cxd5 cxd5 6. Bf4 Nc6 7. e3 a6 8. h3 Bg7 9. Be2 0-0 10. 0-0 Bf5 11. Ne5 Rc8 12. Rc1 h6 13. a3 g5 14. Bg3 e6 15. Nd3 Qe7 16. Nc5 Rfd8 17. Qb3 e5 18. Qxb7 Qxb7 19. Nxb7 exd4 20. Nxd8 Rxd8 21. exd4 Nxd4 22. Bxa6 Nb3 23. Rcd1 Bc2 24. Bc4 Nh5 25. Rxd5 Rxd5 26. Bxd5 Bd4 27. Kh2 Nf6 1-0

[Event "RUS Cup (Women)"]
[Site "Serpukhov"]
[Date "2001.??.??"]
[Round "4"]
[White "Gagloshvili, Raissa"]
[Black "Sazonova, Elena"]
[Result "1/2-1/2"]
[WhiteElo "2203"]
[BlackElo "2254"]
[PlyCount "104"]
[EventDate "2001.??.??"]
[EventType "swiss"]
[EventRounds "9"]
[EventCountry "RUS"]
[SourceTitle "EXT 2005"]
[Source "ChessBase"]
[SourceDate "2004.11.15"]
[SourceVersion "1"]
[SourceVersionDate "2004.11.15"]
[SourceQuality "1"]

1. d4 Nf6 2. Nf3 g6 3. g3 Bg7 4. Bg2 d5 5. 0-0 0-0 6. Bf4 c5 7. c3 Ne4 8. Nbd2 Nc6 9. dxc5 Nxc5 10. Be3 Qd6 11. Nb3 b6 12. Nfd4 Nxd4 13. Bxd4 Bb7 14. Bxg7 Kxg7 15. Qc2 Rac8 16. Rad1 Qe5 17. Nxc5 Rxc5 18. Rd2 Bc8 19. Qb3 Be6 20. Qa3 Qc7 21. Rd4 Rd8 22. Rfd1 Rd6 23. R1d2 Qd7 24. Qb3 f6 25. Qd1 a5 26. a3 b5 27. Bf3 Bf7 28. R4d3 f5 29. Bg2 Qc6 30. Qa1 b4 31. axb4 axb4 32. Rd1 b3 33. Qc1 Qb5 34. Qe3 Kf8 35. Qe5 Bg8 36. Qf4 Kg7 37. e3 Rd7 38. Rd4 Qc6 39. c4 Qc7 40. Qxc7 Rdxc7 41. Bxd5 e6 42. Bf3 Rxc4 43. Rxc4 Rxc4 44. Kf1 e5 45. Ke1 f4 46. exf4 exf4 47. Rd2 Be6 48. Bd1 fxg3 49. hxg3 Kf6 50. Rd3 Rb4 51. Kd2 Rb8 52. f4 g5 1/2-1/2

[Event "RUS-chT1 (Women)"]
[Site "Protvino"]
[Date "2001.??.??"]
[Round "2"]
[White "Kutukova, Virineya"]
[Black "Gagloshvili, Raissa"]
[Result "0-1"]
[WhiteElo "2145"]
[BlackElo "2195"]
[PlyCount "102"]
[EventDate "2001.02.??"]
[EventType "team"]
[EventRounds "9"]
[EventCountry "RUS"]
[SourceTitle "EXT 2002"]
[Source "ChessBase"]
[SourceDate "2001.11.25"]
[SourceVersion "1"]
[SourceVersionDate "2001.11.25"]
[SourceQuality "1"]

1. e4 e5 2. Nf3 Nf6 3. Nc3 Bb4 4. Bc4 0-0 5. 0-0 Nc6 6. d3 Bxc3 7. bxc3 d5 8. exd5 Nxd5 9. Ng5 h6 10. Qf3 hxg5 11. Bxd5 g4 12. Qe4 Qd6 13. a4 Rd8 14. Bxc6 bxc6 15. Ba3 Qd5 16. Qe3 Re8 17. Bc5 a5 18. c4 Qe6 19. f3 Qg6 20. Rae1 Bd7 21. f4 f6 22. Qg3 e4 23. Re3 Qh5 24. d4 f5 25. Rd1 Qf7 26. Rc3 Be6 27. h3 gxh3 28. Qxh3 Bxc4 29. Qh4 Be2 30. Rh3 Qg6 31. Re1 Bg4 32. Rb3 Kf7 33. Kf2 Qf6 34. Qxf6+ Kxf6 35. Rb7 Rec8 36. Reb1 Bh5 37. Ke3 Bf7 38. c3 Bc4 39. Ba3 Ba6 40. R7b2 Rh8 41. g3 Rh3 42. Rg2 Ke6 43. Kd2 Rah8 44. Rbg1 Rh2 45. Bc1 Bd3 46. Kd1 Rxg2 47. Rxg2 Rh1+ 48. Kd2 Bf1 49. Rf2 Rg1 50. Kc2 Bd3+ 51. Kb3 Rxc1 0-1

[Event "Russia-chB (Women)"]
[Site "Kolontaevo"]
[Date "1998.??.??"]
[Round "?"]
[White "Gagloshvili, Raissa"]
[Black "Turova, Irina"]
[Result "1-0"]
[WhiteElo "2175"]
[BlackElo "2265"]
[PlyCount "107"]
[EventDate "1998.??.??"]
[EventType "swiss"]
[EventRounds "9"]
[EventCountry "RUS"]
[SourceTitle "EXT 2000"]
[Source "ChessBase"]
[SourceDate "1999.11.16"]
[SourceVersion "1"]
[SourceVersionDate "1999.11.16"]
[SourceQuality "1"]

1. d4 c5 2. d5 Nf6 3. Nf3 b5 4. c4 Bb7 5. Qc2 bxc4 6. e4 e6 7. Bxc4 Be7 8. Nc3 exd5 9. exd5 0-0 10. 0-0 d6 11. Re1 Nbd7 12. b3 Nb6 13. Qd3 Nfd7 14. Bf4 Re8 15. Rad1 Nxc4 16. bxc4 Ba6 17. Ne4 Nf6 18. Nxf6+ Bxf6 19. Rxe8+ Qxe8 20. Bxd6 Qa4 21. Qb3 Qxc4 22. Qxc4 Bxc4 23. Bxc5 Bxa2 24. d6 Be6 25. Nd2 Bd8 26. Rb1 a5 27. Kf1 a4 28. Ke2 Kf8 29. Ba3 Ke8 30. Ne4 Kd7 31. Kd3 h6 32. Rb4 Kc6 33. Nc3 Bb3 34. Re4 Bb6 35. Re7 Be6 36. f3 Bd8 37. Re8 Rb8 38. Bc1 Kd7 39. Rg8 Rb3 40. Kc2 a3 41. Na2 Rb1 42. Kxb1 Bf5+ 43. Ka1 Bf6+ 44. Nc3 Bxc3+ 45. Ka2 Be6+ 46. Kxa3 Be5 47. f4 Bxd6+ 48. Kb2 g5 49. g3 Be7 50. Kc2 g4 51. Rh8 Kd6 52. Rxh6 Kd5 53. Rh5+ f5 54. Kd3 1-0

[Event "RUS-chT2"]
[Site "Orel"]
[Date "1997.??.??"]
[Round "?"]
[White "Arkhipov, Sergey"]
[Black "Gagloshvili, Raissa"]
[Result "1-0"]
[WhiteElo "2540"]
[BlackElo "2220"]
[PlyCount "65"]
[EventDate "1997.??.??"]
[EventType "team"]
[EventRounds "10"]
[EventCountry "RUS"]
[SourceTitle "EXT 1999"]
[Source "ChessBase"]
[SourceDate "1998.11.16"]
[SourceVersion "1"]
[SourceVersionDate "1998.11.16"]
[SourceQuality "1"]

1. d4 Nf6 2. Nf3 c5 3. d5 e6 4. Nc3 d6 5. e4 exd5 6. exd5 Be7 7. Bd3 0-0 8. 0-0 Na6 9. a3 Nc7 10. Re1 a6 11. a4 b6 12. Rb1 Bb7 13. Bc4 b5 14. axb5 axb5 15. Bxb5 Nxb5 16. Nxb5 Nxd5 17. c4 Nb6 18. b3 Bc6 19. Nc3 Re8 20. Bf4 d5 21. Ne5 Bb7 22. Qf3 f6 23. Ng4 Qd7 24. cxd5 Nxd5 25. Nxd5 Bxd5 26. Qg3 Kh8 27. Ne3 Bg8 28. Red1 Qe6 29. Nc4 Rad8 30. h3 Rd4 31. Be3 Rd5 32. Qf3 Rxd1+ 33. Rxd1 1-0

[Event "Svetlogorsk op (Women)"]
[Site "Svetlogorsk"]
[Date "1997.??.??"]
[Round "4"]
[White "Dergatschova, Anna"]
[Black "Gagloshvili, Raissa"]
[Result "0-1"]
[WhiteElo "2220"]
[BlackElo "2220"]
[PlyCount "118"]
[EventDate "1997.??.??"]
[EventType "swiss"]
[EventRounds "9"]
[EventCountry "RUS"]
[SourceTitle "EXT 1998"]
[Source "ChessBase"]
[SourceDate "1997.11.17"]
[SourceVersion "1"]
[SourceVersionDate "1997.11.17"]
[SourceQuality "1"]

1. e4 e5 2. Nf3 Nf6 3. Nc3 Bb4 4. a3 Bxc3 5. dxc3 d6 6. Bd3 Nbd7 7. 0-0 b6 8. Bg5 h6 9. Bc1 Bb7 10. Re1 Nc5 11. Nd2 0-0 12. c4 a5 13. b3 Qd7 14. f3 Nh7 15. Nf1 f5 16. exf5 Nxd3 17. Qxd3 Qxf5 18. Qxf5 Rxf5 19. Ne3 Rf7 20. Nd5 Nf6 21. Nxf6+ Rxf6 22. Bb2 Raf8 23. Re3 g5 24. h3 h5 25. Rae1 Kg7 26. b4 axb4 27. axb4 Rf4 28. Rc3 g4 29. hxg4 hxg4 30. c5 gxf3 31. gxf3 Bxf3 32. cxd6 cxd6 33. Rc7+ Kg6 34. Bc3 Rg4+ 35. Kf2 Rg2+ 36. Ke3 Bd5 37. Re2 Rxe2+ 38. Kxe2 b5 39. Be1 Kf5 40. Rh7 Bf7 41. Rh6 d5 42. c3 Bg6 43. Rh2 Ra8 44. Kf3 Ra1 45. Bd2 Ra3 46. Ke2 d4 47. cxd4 exd4 48. Rh8 Ke5 49. Rc8 Bd3+ 50. Kf2 Ra2 51. Ke1 Bc4 52. Re8+ Kd5 53. Bf4 Bd3 54. Rc8 Ke4 55. Bd2 Bc4 56. Bc1 Kd3 57. Bh6 Kc3 58. Bg7 Re2+ 59. Kd1 Rg2 0-1

[Event "RUS-chT2"]
[Site "Orel"]
[Date "1997.??.??"]
[Round "?"]
[White "Frolov, Denis"]
[Black "Gagloshvili, Raissa"]
[Result "0-1"]
[WhiteElo "2330"]
[BlackElo "2220"]
[PlyCount "47"]
[EventDate "1997.??.??"]
[EventType "team"]
[EventRounds "10"]
[EventCountry "RUS"]
[SourceTitle "EXT 1999"]
[Source "ChessBase"]
[SourceDate "1998.11.16"]
[SourceVersion "1"]
[SourceVersionDate "1998.11.16"]
[SourceQuality "1"]

1. e4 e5 2. Nf3 Nf6 3. Nc3 Bb4 4. Nxe5 0-0 5. Be2 Re8 6. Nd3 Bxc3 7. dxc3 Nxe4 8. Nf4 d6 9. 0-0 Bf5 10. Nd5 Nd7 11. c4 a5 12. f3 Nec5 13. b3 c6 14. Nc3 Qf6 15. Bb2 Qg6 16. Rc1 Rad8 17. f4 Nf6 18. Rf3 Qh6 19. Qf1 Ng4 20. Rh3 Ne3 21. Rxh6 Nxf1 22. Rh5 Ne3 23. Kf2 Re7 24. Rg5 0-1

[Event "RUS-ch (Women) sf"]
[Site "Kolontaevo"]
[Date "1997.??.??"]
[Round "?"]
[White "Gagloshvili, Raissa"]
[Black "Kulish, Oksana"]
[Result "1-0"]
[WhiteElo "2220"]
[BlackElo "2160"]
[PlyCount "42"]
[EventDate "1997.??.??"]
[EventType "swiss"]
[EventRounds "9"]
[EventCountry "RUS"]
[SourceTitle "EXT 1999"]
[Source "ChessBase"]
[SourceDate "1998.11.16"]
[SourceVersion "1"]
[SourceVersionDate "1998.11.16"]
[SourceQuality "1"]

1. d4 Nf6 2. Bg5 Ne4 3. Bh4 c5 4. f3 g5 5. fxe4 gxh4 6. c3 Qb6 7. Qc2 Nc6 8. d5 Ne5 9. Na3 Bh6 10. Nf3 Ng6 11. Nc4 Qc7 12. a4 b6 13. e5 Ba6 14. Qe4 Bxc4 15. Qxc4 Nxe5 16. Qxh4 Bg7 17. e4 Qd6 18. Ba6 0-0 19. 0-0 Ng6 20. Qg4 Kh8 21. Rae1 Rg8 1-0

[Event "RUS-ch (Women) sf"]
[Site "Kolontaevo"]
[Date "1997.??.??"]
[Round "?"]
[White "Gagloshvili, Raissa"]
[Black "Minogina, Tamara"]
[Result "0-1"]
[WhiteElo "2220"]
[BlackElo "2245"]
[PlyCount "74"]
[EventDate "1997.??.??"]
[EventType "swiss"]
[EventRounds "9"]
[EventCountry "RUS"]
[SourceTitle "EXT 1999"]
[Source "ChessBase"]
[SourceDate "1998.11.16"]
[SourceVersion "1"]
[SourceVersionDate "1998.11.16"]
[SourceQuality "1"]

1. d4 Nf6 2. Nf3 d5 3. Bf4 c5 4. e3 Nc6 5. c3 Qb6 6. Qb3 c4 7. Qxb6 axb6 8. Na3 Bf5 9. Be2 Ra5 10. Nh4 Bd7 11. Bc7 Ra6 12. 0-0 Ne4 13. Rfc1 e6 14. Nb5 Na5 15. b4 Bxb5 16. bxa5 bxa5 17. f3 Nxc3 18. Rxc3 g5 19. Nf5 exf5 20. e4 Bb4 21. Rcc1 Rc6 22. Be5 Rg8 23. exd5 Rc8 24. Rc2 Ke7 25. Rac1 f6 26. Bg3 f4 27. Bf2 Kd6 28. Rb1 Kxd5 29. a3 Ba4 30. Rxc4 Rxc4 31. Bxc4+ Kxc4 32. axb4 axb4 33. Rc1+ Kd3 34. Be1 b3 35. Rc3+ Ke2 36. Rc1 b2 37. Rb1 Rc8 0-1

[Event "Frydek Mistek op (Women)"]
[Site "Frydek Mistek"]
[Date "1997.??.??"]
[Round "6"]
[White "Gagloshvili, Raissa"]
[Black "Sarana Hungeling, Oksana"]
[Result "1/2-1/2"]
[WhiteElo "2220"]
[BlackElo "2205"]
[PlyCount "102"]
[EventDate "1997.??.??"]
[EventType "swiss"]
[EventRounds "9"]
[EventCountry "CZE"]
[SourceTitle "EXT 1998"]
[Source "ChessBase"]
[SourceDate "1997.11.17"]
[SourceVersion "1"]
[SourceVersionDate "1997.11.17"]
[SourceQuality "1"]

1. d4 Nf6 2. Nf3 c5 3. e3 d5 4. c4 e6 5. Nc3 Nc6 6. a3 Be7 7. Bd3 dxc4 8. Bxc4 0-0 9. 0-0 b6 10. Qe2 cxd4 11. Rd1 e5 12. Bb5 Qc7 13. Bxc6 Qxc6 14. Nxe5 Qe6 15. exd4 Bb7 16. Bf4 Rfe8 17. Re1 Nd5 18. Bg3 Rac8 19. Nxd5 Qxd5 20. Qf3 Qxf3 21. Nxf3 Bxf3 22. gxf3 Bf6 23. Be5 Rc2 24. b4 h6 25. Bxf6 Rxe1+ 26. Rxe1 gxf6 27. Re7 a5 28. Rb7 Rc4 29. Rxb6 Rxd4 30. Rb5 axb4 31. axb4 Rd3 32. Rb8+ Kg7 33. Kg2 Rb3 34. Kg3 Rb2 35. b5 Rb4 36. b6 Rb2 37. Kf4 Rxf2 38. Rc8 Rb2 39. Rc6 Rxh2 40. b7 Rb2 41. Rc7 h5 42. Kg3 Rb4 43. Rd7 Kg6 44. Re7 Kg7 45. Kf2 Kg6 46. Ke3 Kg7 47. Kd3 h4 48. Re4 Rxb7 49. Rxh4 Kg6 50. Ke3 Rb3+ 51. Kf2 Kf5 1/2-1/2

[Event "RUS-ch (Women) sf"]
[Site "Kolontaevo"]
[Date "1997.??.??"]
[Round "?"]
[White "Gagloshvili, Raissa"]
[Black "Sorokina, Tamara"]
[Result "0-1"]
[WhiteElo "2220"]
[BlackElo "2125"]
[PlyCount "65"]
[EventDate "1997.??.??"]
[EventType "swiss"]
[EventRounds "9"]
[EventCountry "RUS"]
[SourceTitle "EXT 1999"]
[Source "ChessBase"]
[SourceDate "1998.11.16"]
[SourceVersion "1"]
[SourceVersionDate "1998.11.16"]
[SourceQuality "1"]

1. d4 Nf6 2. Nf3 e6 3. e3 c5 4. Bd3 b6 5. 0-0 Bb7 6. Nbd2 Be7 7. b3 d6 8. Bb2 0-0 9. a3 Nbd7 10. Re1 a6 11. h3 Qc7 12. c4 Rfe8 13. Qc2 h6 14. Rad1 Rac8 15. Qb1 Rcd8 16. Qa1 Bf8 17. e4 cxd4 18. Nxd4 e5 19. Nf5 Nc5 20. Qb1 Ne6 21. g3 Qc8 22. Bf1 g6 23. Nh4 Bg7 24. Bg2 Bc6 25. Kh2 Qb7 26. Qd3 a5 27. a4 Nc5 28. Qc2 Rd7 29. f3 Rc8 30. Bh1 h5 31. Nb1 Ne6 32. Qf2 Nc5 33. Qe3 0-1

[Event "Frydek Mistek op (Women)"]
[Site "Frydek Mistek"]
[Date "1997.??.??"]
[Round "8"]
[White "Gagloshvili, Raissa"]
[Black "Tallova, Ivana"]
[Result "1/2-1/2"]
[WhiteElo "2220"]
[BlackElo "2120"]
[PlyCount "121"]
[EventDate "1997.??.??"]
[EventType "swiss"]
[EventRounds "9"]
[EventCountry "CZE"]
[SourceTitle "EXT 1998"]
[Source "ChessBase"]
[SourceDate "1997.11.17"]
[SourceVersion "1"]
[SourceVersionDate "1997.11.17"]
[SourceQuality "1"]

1. d4 Nf6 2. Bg5 g6 3. Bxf6 exf6 4. e3 Bg7 5. Nd2 d5 6. Bd3 0-0 7. c3 Re8 8. h3 b6 9. Ne2 c5 10. 0-0 Bb7 11. Nf4 f5 12. Qf3 Nd7 13. Bb5 a6 14. Ba4 b5 15. Bc2 cxd4 16. cxd4 Nf6 17. Bb3 Ne4 18. Nxe4 fxe4 19. Qd1 Qd6 20. Rc1 Rac8 21. Qd2 Bh6 22. Ne2 Red8 23. a3 Qb6 24. Rxc8 Rxc8 25. Nc3 Qd6 26. Ba2 Bf8 27. b4 a5 28. Rb1 axb4 29. axb4 Qd7 30. Qb2 Be7 31. Qb3 Rc4 32. Qa3 Rc8 33. Rc1 Ra8 34. Qb3 Rc8 35. Rb1 Rc4 36. Qa3 Rc8 37. Rb3 Kg7 38. Qb2 Rc4 39. Bb1 Qc7 40. Na2 Bd6 41. Rc3 f5 42. Bc2 Rxc3 43. Nxc3 Qc4 44. Na2 Qe2 45. Qc1 f4 46. Qd1 f3 47. Bb3 Qxd1+ 48. Bxd1 fxg2 49. Kxg2 Kf6 50. Be2 Bc6 51. Kf1 Bd7 52. Kg2 Bc6 53. Nc3 Ke6 54. Nxb5 Bxb5 55. Bxb5 Bxb4 56. f3 exf3+ 57. Kxf3 Bd2 58. Bd3 Kd6 59. Bc2 Be1 60. Bb3 g5 61. e4 1/2-1/2

[Event "RUS-Cup6"]
[Site "Krasnodar"]
[Date "1997.??.??"]
[Round "3"]
[White "Kobylkin, Evgeni"]
[Black "Gagloshvili, Raissa"]
[Result "1-0"]
[WhiteElo "2385"]
[BlackElo "2220"]
[PlyCount "72"]
[EventDate "1997.03.11"]
[EventType "swiss"]
[EventRounds "9"]
[EventCountry "RUS"]
[SourceTitle "EXT 2000"]
[Source "ChessBase"]
[SourceDate "1999.11.16"]
[SourceVersion "1"]
[SourceVersionDate "1999.11.16"]
[SourceQuality "1"]

1. d4 Nf6 2. c4 c5 3. d5 d6 4. Nc3 e5 5. e4 Be7 6. h3 h5 7. Be2 Nbd7 8. Nf3 Nf8 9. 0-0 h4 10. Ne1 Rg8 11. f4 exf4 12. Bxf4 g5 13. Bh2 g4 14. e5 dxe5 15. Bxe5 N6d7 16. Bf4 gxh3 17. Nb5 Qb6 18. Nc7+ Kd8 19. Nxa8 Qxb2 20. Rb1 Qg7 21. Qa4 Bf6 22. Bc7+ Ke7 23. Bf3 Nh7 24. Qc2 Bd4+ 25. Kh1 Ng5 26. Qe2+ Ne5 27. Bxe5 Bxe5 28. gxh3 Kd6 29. Nd3 Bg3 30. Qe3 Nxf3 31. Qxf3 f5 32. Qe3 b6 33. Nxb6 axb6 34. Rxb6+ Kc7 35. Rc6+ Kd8 36. Nxc5 Bf4 1-0

[Event "RUS-ch (Women) sf"]
[Site "Kolontaevo"]
[Date "1997.??.??"]
[Round "?"]
[White "Timofeeva, Lidia"]
[Black "Gagloshvili, Raissa"]
[Result "1-0"]
[WhiteElo "2135"]
[BlackElo "2220"]
[PlyCount "51"]
[EventDate "1997.??.??"]
[EventType "swiss"]
[EventRounds "9"]
[EventCountry "RUS"]
[SourceTitle "EXT 1999"]
[Source "ChessBase"]
[SourceDate "1998.11.16"]
[SourceVersion "1"]
[SourceVersionDate "1998.11.16"]
[SourceQuality "1"]

1. d4 Nf6 2. Nf3 d5 3. e3 c5 4. c4 Nc6 5. cxd5 Nxd5 6. e4 Nf6 7. e5 Nd5 8. dxc5 e6 9. Bc4 Bxc5 10. 0-0 0-0 11. a3 b6 12. Bd3 h6 13. Qe2 f6 14. exf6 Qxf6 15. Qe4 Qf5 16. Qc4 Qh5 17. b4 Rxf3 18. gxf3 Bd6 19. f4 Qg4+ 20. Kh1 Qf3+ 21. Kg1 Nd4 22. Qxd4 Nxf4 23. Bxf4 Bb7 24. Be4 Qg4+ 25. Bg3 Bxe4 26. f3 1-0